| 000 | 00608nam a22001697a 4500 | ||
|---|---|---|---|
| 999 |
_c19420 _d19420 |
||
| 003 | AR-CdUCM | ||
| 008 | 190517b ||||| |||| 00| 0 spa d | ||
| 040 |
_aMUNICIPALIDAD PROVINCIAL DEL CUSCO _cBIBLIOTECA MUNICIPAL DEL CUSCO |
||
| 082 |
_a335.6 / _bF83 |
||
| 100 |
_aFrischauer, Willi _940747 |
||
| 245 |
_aHermann Goering : _bgran visir del IIIer Reich / |
||
| 260 |
_aBuenos Aires : _bAmericana, _c1950. |
||
| 300 |
_a272 páginas ; _c23 cm. |
||
| 505 | _aInstinto precoz -- El joven geoting a la guerra -- Karin -- A la deriva .. Política y sopa de arvejas... | ||
| 942 |
_2ddc _cLIBROS |
||
| 945 | _awfj | ||